LEADER 01025nam a2200253 i 4500 001 000000256540 003 CaOOAMICUS 005 20180111000000.0 008 180111s1990 it u000 u ita u 013 $a235448 020 $a88-7152-276-1 040 $aSeMil$bita 100 1 $aHurnard, Hannah.$0(OLS)http://semarc/name/44614 240 10$aSteps to the kingdom.$0(OLS)http://semarc/title/412320 245 10$aPassi verso il regno :$bin cammino verso la veritą /$cHannah Hurnard. 260 $aTorino :$bGribaudi,$ccopyr. 1990. 300 $a288 p. ;$c19 cm. 650 4$aSpiritualitą - Testi - Sec. 20.$0(OLS)http://semarc/subject/923 850 $aSeMil 852 $aSeMil$W1$xVenegono$y1$m3F III 646$j206886$B206886$CSeMilBibl$Z2$F220677 $81 961 $aOmaggio: Altro 996 $6020$a88-7152-276-1$9(OLS)http://semarc/number/280886 996 $6245$aPassi verso il regno :$bin cammino verso la veritą$9(OLS)http://semarc/title/412319 996 $6260$aTorino :$bGribaudi$9(OLS)http://semarc/publisher/31540 LEADER 01674nam a2200289 i 4500 001 000000030405 003 CaOOAMICUS 005 20251023121709.0 008 180830s1606 it u000 u lat u 040 $aSeMil$bita 100 1 $aMaldonado, Juan : de,$c.$0(OLS)http://semarc/name/10202 245 10$aIoannis Maldonati Andalusii ... Commentarii in quattuor Euangelistas in duos tomus [!] diuisi. Quorum prior eos, qui in Matthaeum, & Marcum; posterior eos, qui in Lucam, & Ioannem, complectitur. 250 $aHac postrema editione ab innumeris quibus antea scatebant erroribus, expurgati, & pristino nitori suo restituti. 260 $aVenetiis :$bApus Sessas,$c1606. 300 $a2 v. ;$c4°. 500 $aTesto su due colonne. 500 $aFront. stampati in rosso e nero 500 $aCors. ; rom. 500 $aFregi, iniz. xilogr. 500 $aMarca editoriale: Gatto con topo in bocca. In cornice figurata. (U753), sui front. 650 4$aBibbia. Nuovo Testamento. Vangeli - Commentari, studi, critica, interpretazioni.$0(OLS)http://semarc/subject/537 700 1 $aSessa, Giovanni Battista$b<2,$cEditore>.$0(OLS)http://semarc/name/13978 774 0 $t[Tomus 1].$g1$w()232356 774 0 $tCommentariorum in quattuor evangelistas. Tomus 2. In Lucam, et Ioannem ...$g2$w()232359 996 $6245$aIoannis Maldonati Andalusii ... Commentarii in quattuor Euangelistas in duos tomus [!] diuisi. Quorum prior eos, qui in Matthaeum, & Marcum; posterior eos, qui in Lucam, & Ioannem, complectitur$9(OLS)http://semarc/title/41393 996 $6260$aVenetiis :$bApus Sessas$9(OLS)http://semarc/publisher/38525